倚天屠龍記

資料類型: Book 圖書   書目號:51759

Leader xxxxxxxxxx
001 __ 102499/7/04
005 __ 20171120175624.426
010 0_ |a957-32-5414-X|b第1冊:平裝|d新臺幣280元
010 0_ |a957-32-5415-8|b第2冊:平裝|d新臺幣280元
010 0_ |a957-32-5416-6|b第3冊:平裝|d新臺幣280元
010 0_ |a957-32-5417-4|b第4冊:平裝|d新臺幣280元
010 0_ |a957-32-5413-1|b全套:平裝|d新臺幣1120元
020 __ |atw|b93024592
100 __ |a20171120d2005    km y0chiy50      e
101 0_ |achi
102 __ |atw
105 __ |aaf  z   000ay
200 1_ |a倚天屠龍記|f金庸作
205 __ |a四版
210 __ |a臺北市|c遠流|d2005[民94]
215 0_ |a4冊|c部份彩圖|d22公分
225 12 |a金庸作品集|v16-19
300 __ |a公元2005年金庸新修版
300 __ |a版權頁英文題名:The heavenly sword and the dragon sabre
517 1_ |aThe heavenly sword and the dragon sabre|zeng
681 __ |a857.9|b864 v.1
700 _0 |a金庸|4801 _0 |atw|bLibDipper|c20171120|gCCR
詳細館藏 1-4 筆 (共 4 筆)
索 書 號登 錄 號冊次號館別 / 館藏地流通類型狀態加入預約清單電子資源
857.9 / 864 1024997 v.1 圖書館 / 一樓普通區 可外借30天 在館   
857.9 / 864 1024998 v.2 圖書館 / 一樓普通區 可外借30天 在館   
857.9 / 864 1024999 v.3 圖書館 / 一樓普通區 可外借30天 在館   
857.9 / 864 1025000 v.4 圖書館 / 一樓普通區 可外借30天 在館   

| 條列資料




目錄查詢 分類查詢 個人資料 圖書薦購 新書查詢 閉館日 排行榜 更多電子資源 Hami書城 線上資料庫 登出

From : 216.73.216.116

  本日流通累計至 14:07:03 借閱 : 6 次 續借 : 0 次 歸還 : 2 次 預約 : 0 次 電子資源 : 0 次


內湖高中圖書館  PCLIS 版本  25.5.0.2